|
|
|
|
| LEADER |
00000nam a2200000 a 4500 |
| 001 |
vtls008322988 |
| 003 |
SK-MaSNL |
| 005 |
20260302074319.0 |
| 008 |
181127s1959 xo g 000 d slo |
| 015 |
|
|
|a SKSNBA1959/03-00558
|
| 035 |
|
|
|a SK01SNK19590015205
|
| 035 |
|
|
|a SKM000017668
|
| 040 |
|
|
|a SNK
|b slo
|c SNK
|e AACR2
|
| 041 |
1 |
|
|a slo
|h rus
|
| 044 |
|
|
|a xo
|c SK
|
| 072 |
|
7 |
|a 821.161.1
|x Ruská literatúra
|2 konspekt
|
| 080 |
|
|
|a 821.161.1
|2 2011
|
| 080 |
|
|
|a (0:82-2)
|2 2011
|
| 100 |
1 |
|
|a Volodin, A.
|4 aut
|9 348645
|
| 240 |
1 |
0 |
|a Fabričnaja devčonka
|l Slovensky
|
| 245 |
1 |
0 |
|a Dievčatko z fabriky
|b hra v 4 dej., 7 obr.
|c A. Volodin ; orig. ...: Fabričnaja devčonka ... Moskva 1956 prel. a doslov. nap. Viera Mikulášová-Škridlová
|
| 260 |
|
|
|a Bratislava
|b SVKL
|c 1959
|e Liptovský Mikuláš
|f Tlačiarne SNP
|
| 300 |
|
|
|a 85, [2] s.
|c 8°
|
| 490 |
1 |
|
|a Divadlo
|v zv. 72
|
| 563 |
|
|
|a 2200 výtl.
|
| 650 |
0 |
7 |
|a ruská literatúra
|2 SNKPH
|9 1204
|
| 650 |
0 |
7 |
|a Russian literature
|2 SNKPHeng
|9 270202
|
| 655 |
|
7 |
|a divadelné hry
|2 SNKPH
|9 70577
|
| 655 |
|
7 |
|a Theatre plays
|2 SNKPHeng
|9 278336
|
| 700 |
1 |
|
|a Mikulášová-Škridlová, Viera,
|d 1924-2014
|4 trl
|4 aui
|9 122362
|
| 730 |
|
|
|a Fabričnaja devčonka
|9 739802
|
| 830 |
|
0 |
|a Divadlo
|9 281424
|
| 852 |
|
|
|a Slovenská národná knižnica v Martine
|b 10000
|h SD 17021
|
| 852 |
|
|
|a Slovenská národná knižnica v Martine
|b 10000
|h SD 17021 D1
|
| 852 |
|
|
|a Štátna vedecká knižnica v Banskej Bystrici
|
| 919 |
|
|
|a brož.
|
| 958 |
|
|
|a OND
|
| 958 |
|
|
|a TL
|
| 958 |
|
|
|a LX
|
| 958 |
|
|
|a RU
|
| 958 |
|
|
|a UP
|
| 958 |
|
|
|a RK
|
| 999 |
|
|
|c 1164548
|d 1166478
|
| 952 |
|
|
|a SNK
|b SNK
|y PREZ
|7 0
|p 17A0614754
|o snkSD 17021
|i snkKSP 1201/59
|0 0
|1 0
|4 0
|d 2009-03-06
|l 0
|r 2025-12-01 00:00:00
|w 2026-02-24
|